[Event "VII Open Settembre Vomero"]
[Site "Napoli ITA"]
[Date "2010.10.15"]
[Round "6"]
[White "Miccoli, Livio"]
[Black "De Biase, Arcangelo"]
[WhiteElo "1706"]
[BlackElo "1867"]
[Result "1/2-1/2"]
[PlyCount "56"]
[EventDate "2010.09.10"]

1. e4 c5 2. Nc3 Nc6 3. Nge2 d6 4. g3 Nf6 5. Bg2 g6 6. O-O Bg7 7. d3 O-O 8. Be3
Bg4 9. h3 Bd7 10. Qd2 Re8 11. f4 Qc8 12. Kh2 a6 13. Rf2 b5 14. Raf1 b4 15. Nd1
Rb8 16. f5 Ne5 17. fxg6 hxg6 18. Bh6 Be6 19. Bxg7 Kxg7 20. Qg5 Rh8 21. Nf4
Neg4+ 22. Kg1 Nxf2 23. Rxf2 Qd7 24. Ne3 Rh7 25. Nxe6+ Qxe6 26. Nf5+ Kf8 27. Nh6
Kg7 28. Nf5+ Kf8 1/2-1/2

[Event "VII Open Settembre Vomero"]
[Site "Napoli ITA"]
[Date "2010.10.15"]
[Round "6"]
[White "Seletsky, Grigory"]
[Black "Della Corte, Alessandro"]
[WhiteElo "2295"]
[BlackElo "2261"]
[Result "1/2-1/2"]
[PlyCount "31"]
[EventDate "2010.09.10"]

1. d4 d5 2. Nf3 Nf6 3. c4 c6 4. e3 Bg4 5. Nc3 e6 6. h3 Bxf3 7. Qxf3 Nbd7 8.
cxd5 cxd5 9. Bd3 Bd6 10. Qe2 O-O 11. f4 Rc8 12. a3 Nb6 13. O-O Nc4 14. Rb1 Nxa3
15. bxa3 Rxc3 16. Rxb7 1/2-1/2

[Event "VII Open Settembre Vomero"]
[Site "Napoli ITA"]
[Date "2010.10.15"]
[Round "6"]
[White "Sparice, Lorenzo"]
[Black "Angelotti, Mario"]
[WhiteElo "1386"]
[BlackElo "1845"]
[Result "0-1"]
[PlyCount "66"]
[EventDate "2010.09.10"]

1. d4 Nf6 2. Nf3 g6 3. c4 d5 4. Nc3 Bg7 5. e3 O-O 6. h3 Re8 7. b3 c5 8. cxd5
Nxd5 9. Bb2 Nc6 10. Nxd5 Qxd5 11. a3 Bf5 12. Ra2 Na5 13. Nd2 cxd4 14. exd4 Bxd4
15. Bxd4 Qxd4 16. Nf3 Qc3+ 17. Qd2 Qxb3 18. Nd4 Qb1+ 19. Ke2 Red8 20. Rb2 Qe4+
21. Qe3 Rxd4 22. Qxe4 Rxe4+ 23. Kd1 Rd8+ 24. Rd2 Red4 25. Rxd4 Rxd4+ 26. Ke1
Ra4 27. f3 Rxa3 28. Be2 Ra1+ 29. Bd1 Bc2 30. Kd2 Rxd1+ 31. Rxd1 Bxd1 32. Kxd1
f5 33. Kc2 Kf7 0-1

[Event "VII Open Settembre Vomero"]
[Site "Napoli ITA"]
[Date "2010.10.22"]
[Round "7"]
[White "Accardo, Francesco"]
[Black "Colli, Roberto"]
[WhiteElo "1870"]
[BlackElo "1739"]
[Result "0-1"]
[PlyCount "52"]
[EventDate "2010.09.10"]

1. g4 d5 2. Bg2 Bxg4 3. c4 dxc4 4. Bxb7 Nd7 5. h3 Rb8 6. Bc6 Be6 7. Nf3 Rb6 8.
Qa4 Qb8 9. Nd4 Rb4 10. Qc2 Rb6 11. Nc3 Ngf6 12. a4 Rxc6 13. Nxc6 Qb7 14. d4
Qxc6 15. e4 Bf5 16. f3 Bg6 17. Bf4 a6 18. Qh2 e6 19. O-O-O Bb4 20. d5 exd5 21.
exd5 Qc5 22. Rhe1+ Kd8 23. d6 c6 24. Be3 Qf5 25. Qe2 Bxc3 26. Bb6+ Kc8 0-1

[Event "VII Open Settembre Vomero"]
[Site "Napoli ITA"]
[Date "2010.10.22"]
[Round "7"]
[White "Cangiano, Federico"]
[Black "Franzese, Luigi"]
[WhiteElo "1960"]
[BlackElo "1808"]
[Result "1-0"]
[PlyCount "65"]
[EventDate "2010.09.10"]

1. d4 d5 2. Nf3 Nf6 3. e3 g6 4. Bd3 Bg7 5. Nbd2 O-O 6. Ne5 Nbd7 7. f4 c5 8. c3
cxd4 9. exd4 Nxe5 10. fxe5 Ng4 11. Nf3 f6 12. exf6 Nxf6 13. O-O Bg4 14. Qe1
Bxf3 15. Rxf3 Qd7 16. Rh3 Ng4 17. Qh4 Nf6 18. Bg5 e6 19. Rf1 Nh5 20. g4 Rxf1+
21. Bxf1 Nf6 22. Bxf6 Bxf6 23. Qxf6 Rf8 24. Qh4 Qf7 25. Bg2 h6 26. Rf3 Qg7 27.
Rxf8+ Qxf8 28. Qf2 Qe7 29. Qe3 Kg7 30. Bf1 Qf6 31. Qe5 Qxe5 32. dxe5 h5 33. g5
1-0

[Event "VII Open Settembre Vomero"]
[Site "Napoli ITA"]
[Date "2010.10.22"]
[Round "7"]
[White "De Rosa, Francesco"]
[Black "Sparice, Lorenzo"]
[WhiteElo "1994"]
[BlackElo "1386"]
[Result "1-0"]
[PlyCount "67"]
[EventDate "2010.09.10"]

1. e4 e6 2. d3 c5 3. Nf3 d5 4. Nbd2 Nf6 5. g3 Nc6 6. Bg2 b5 7. O-O Be7 8. a4
Qa5 9. Nb3 Qa6 10. axb5 Qxb5 11. e5 Nd7 12. c4 Qb8 13. cxd5 exd5 14. Re1 Nb6
15. Bg5 Qc7 16. Bxe7 Qxe7 17. Qc2 c4 18. dxc4 Nb4 19. Qc3 O-O 20. c5 Nc4 21.
Qxb4 Nxb2 22. Qd2 Nc4 23. Qc2 Be6 24. Nfd4 Bc8 25. Bxd5 Bb7 26. Bxb7 Qxb7 27.
Qxc4 Kh8 28. Nf5 Qf3 29. Nd6 h5 30. Nd4 Qg4 31. Re4 Qh3 32. Nxf7+ Rxf7 33. Qxf7
Qc8 34. Rh4 1-0

[Event "VII Open Settembre Vomero"]
[Site "Napoli ITA"]
[Date "2010.10.22"]
[Round "7"]
[White "Della Corte, Alessandro"]
[Black "Cosenza, Gianni"]
[WhiteElo "2261"]
[BlackElo "1925"]
[Result "1-0"]
[PlyCount "53"]
[EventDate "2010.09.10"]

1. Nf3 d5 2. g3 g6 3. Bg2 Bg7 4. O-O e5 5. d3 Ne7 6. e4 dxe4 7. dxe4 Qxd1 8.
Rxd1 O-O 9. a4 h6 10. Na3 Na6 11. Nc4 Nc6 12. Be3 Be6 13. Bf1 f5 14. c3 f4 15.
gxf4 exf4 16. Bd4 Nxd4 17. cxd4 Nb4 18. Rdc1 Bg4 19. Nfe5 Bh5 20. Bh3 c6 21.
Nd7 Rfd8 22. e5 g5 23. Bf5 Nd5 24. Nd6 Nb6 25. Nc5 Rxd6 26. exd6 Bxd4 27. a5
1-0

[Event "VII Open Settembre Vomero"]
[Site "Napoli ITA"]
[Date "2010.10.22"]
[Round "7"]
[White "Esposito, Pino"]
[Black "Angelotti, Mario"]
[WhiteElo "1877"]
[BlackElo "1845"]
[Result "1/2-1/2"]
[PlyCount "103"]
[EventDate "2010.09.10"]

1. e4 c5 2. Nf3 Nc6 3. d4 cxd4 4. Nxd4 g6 5. Be3 Bg7 6. c3 Nf6 7. Nd2 d6 8. Be2
O-O 9. O-O Bd7 10. Kh1 Qc7 11. f4 a6 12. N4f3 Rfd8 13. Ng5 h6 14. Nh3 b5 15. a3
Qc8 16. Nf2 e6 17. Bf3 Ne7 18. g4 Bc6 19. Rg1 Qb7 20. Qe2 Nh7 21. h4 d5 22. e5
Rd7 23. Nb3 d4 24. Nxd4 Rxd4 25. Rg3 Rd7 26. Rag1 Rad8 27. Kh2 Bd5 28. Bd4 Nc6
29. Bxd5 Rxd5 30. Be3 Nxe5 31. fxe5 Bxe5 32. Bxh6 Bxg3+ 33. Rxg3 Qc7 34. Kh3
Qe5 35. Re3 Qh8 36. Rf3 Ng5+ 37. hxg5 Rxg5 38. Kg2 Qxh6 39. Qe3 Rxg4+ 40. Nxg4
Qxe3 41. Nxe3 Rd2+ 42. Rf2 Rxf2+ 43. Kxf2 Kg7 44. b4 f5 45. c4 bxc4 46. Nxc4
Kf6 47. a4 Ke7 48. b5 axb5 49. axb5 Kd7 50. Ke3 g5 51. Kd4 g4 52. Ke3 1/2-1/2

[Event "VII Open Settembre Vomero"]
[Site "Napoli ITA"]
[Date "2010.10.22"]
[Round "7"]
[White "Ficco, Corrado"]
[Black "Borrelli, Salvatore"]
[WhiteElo "2117"]
[BlackElo "1963"]
[Result "1/2-1/2"]
[PlyCount "58"]
[EventDate "2010.09.10"]

1. Nf3 d5 2. d4 c6 3. e3 Bf5 4. Bd3 Bg6 5. O-O Nf6 6. Ne5 Nbd7 7. f4 e6 8. b3
Ne4 9. Bb2 Ndf6 10. Nd2 Nxd2 11. Qxd2 Be4 12. c4 Bxd3 13. Qxd3 Bd6 14. f5 O-O
15. Qe2 Ne4 16. fxe6 fxe6 17. Rxf8+ Bxf8 18. Qg4 Qe7 19. Rf1 Nf6 20. Qg5 Rd8
21. h3 Nd7 22. Qf4 Nf6 23. Kh2 Qc7 24. Kh1 Be7 25. cxd5 exd5 26. Qf5 Bd6 27.
Rf3 Qe7 28. g4 Rf8 29. Kg2 Qe8 1/2-1/2

[Event "VII Open Settembre Vomero"]
[Site "Napoli ITA"]
[Date "2010.10.22"]
[Round "7"]
[White "Gallina, Giacomo"]
[Black "De Biase, Arcangelo"]
[WhiteElo "1720"]
[BlackElo "1867"]
[Result "0-1"]
[PlyCount "38"]
[EventDate "2010.09.10"]

1. e4 c5 2. Nc3 Nc6 3. f4 d6 4. Bc4 Nf6 5. Nf3 g6 6. a3 Bg7 7. d3 Bg4 8. O-O a6
9. Qe1 Bxf3 10. gxf3 Qd7 11. Ne2 Nh5 12. c3 Qh3 13. Kh1 Qd7 14. Rb1 e6 15. Rg1
d5 16. exd5 exd5 17. Ng3+ Kf8 18. Ba2 Nxg3+ 19. hxg3 Qh3# 0-1

[Event "VII Open Settembre Vomero"]
[Site "Napoli ITA"]
[Date "2010.10.22"]
[Round "7"]
[White "Gallo, Thomas Renato"]
[Black "Seletsky, Grigory"]
[WhiteElo "1863"]
[BlackElo "2295"]
[Result "0-1"]
[PlyCount "72"]
[EventDate "2010.09.10"]

1. d4 c5 2. c3 e6 3. Nf3 d5 4. Bf4 Qb6 5. Qb3 Nc6 6. e3 c4 7. Qc2 Nf6 8. Nbd2
Be7 9. Be2 O-O 10. Ne5 Nd7 11. Ndf3 f6 12. Nxd7 Bxd7 13. h4 Be8 14. h5 Qd8 15.
e4 Bd6 16. exd5 exd5 17. Be3 b5 18. Nh4 b4 19. Nf5 bxc3 20. bxc3 Bc7 21. Bf3
Bf7 22. g4 Re8 23. Kd2 Kh8 24. Rhg1 Ne7 25. Nh4 Be6 26. g5 f5 27. Ng2 f4 28.
Nxf4 Bxf4 29. Bxf4 Rf8 30. Bg3 Rxf3 31. h6 Ng6 32. hxg7+ Kxg7 33. Ke2 Qf8 34.
Rh1 Bf5 35. Qb2 Re8+ 36. Kxf3 Bh3+ 0-1

[Event "VII Open Settembre Vomero"]
[Site "Napoli ITA"]
[Date "2010.10.22"]
[Round "7"]
[White "Miccoli, Livio"]
[Black "Bevilacqua, Michele"]
[WhiteElo "1706"]
[BlackElo "1820"]
[Result "1-0"]
[PlyCount "57"]
[EventDate "2010.09.10"]

1. e4 d5 2. exd5 Nf6 3. Nf3 Nxd5 4. Bc4 c6 5. d4 Bg4 6. O-O Nd7 7. Re1 Qc7 8.
Nc3 Nxc3 9. bxc3 e5 10. Bxf7+ Kd8 11. dxe5 Bxf3 12. Qxf3 Bc5 13. Bf4 Nb6 14. e6
Qe7 15. Rad1+ Kc8 16. Qd3 Nd5 17. Qd2 b5 18. Bg5 Qc7 19. Kh1 Kb7 20. Rb1 h6 21.
Bh4 g5 22. Bg3 Qa5 23. e7 Nxe7 24. Qd7+ Ka6 25. a4 Qd8 26. axb5+ Ka5 27. Bc7+
Qxc7 28. Qxc7+ Ka4 29. Re4+ 1-0

[Event "VII Open Settembre Vomero"]
[Site "Napoli ITA"]
[Date "2010.10.22"]
[Round "7"]
[White "Pinto, Gaetano"]
[Black "Esposito, Rosario"]
[WhiteElo "2048"]
[BlackElo "1823"]
[Result "1/2-1/2"]
[PlyCount "40"]
[EventDate "2010.09.10"]

1. d4 Nf6 2. Nf3 g6 3. c3 Bg7 4. Bg5 b6 5. Nbd2 O-O 6. e3 Bb7 7. Be2 d6 8. O-O
Nbd7 9. Qc2 c5 10. Rac1 Qc7 11. Rfd1 Rfe8 12. Bh4 Qc6 13. Bf1 Qc7 14. h3 Rac8
15. Qb1 Qb8 16. Bg3 Qa8 17. Re1 Ne4 18. Bh2 Ndf6 19. Rcd1 Nxd2 20. Nxd2 Kf8
1/2-1/2

[Event "VII Open Settembre Vomero"]
[Site "Napoli ITA"]
[Date "2010.10.22"]
[Round "7"]
[White "Sgammato, Francesco"]
[Black "Caiazzo, Diego"]
[WhiteElo "1614"]
[BlackElo "1887"]
[Result "0-1"]
[PlyCount "120"]
[EventDate "2010.09.10"]

1. c4 e6 2. Nc3 d5 3. cxd5 exd5 4. d4 Nf6 5. a3 c6 6. Nf3 Be7 7. e3 O-O 8. Be2
Nbd7 9. O-O Ne4 10. Qc2 Nxc3 11. bxc3 Nf6 12. Bd3 h6 13. Nd2 Be6 14. e4 dxe4
15. Nxe4 Nxe4 16. Bxe4 Bd5 17. Rb1 b6 18. Re1 Bf6 19. Bd3 Qd6 20. a4 Rfe8 21.
Bd2 c5 22. Bb5 Rxe1+ 23. Rxe1 cxd4 24. cxd4 Bxd4 25. Qd3 Be5 26. g3 Rd8 27. Qb1
Qf6 28. Qd3 Bd4 29. Qe2 Bc5 30. Be3 Bf3 31. Qf1 Qd6 32. Bf4 Qf6 33. Re8+ Rxe8
34. Bxe8 Qe6 35. Bb5 Bd5 36. Qe2 Qxe2 37. Bxe2 Kf8 38. Bb8 a5 39. Bf4 Bc6 40.
Bb5 Bxb5 41. axb5 a4 42. Be5 f6 43. Bc3 Ke7 44. Kf1 Kd6 45. Ke2 Kd5 46. Kd3
Bxf2 47. g4 Bg1 48. h4 Bf2 49. h5 a3 50. Ba1 Kc5 51. Ke4 Kxb5 52. Kf5 Kc4 53.
Kg6 Bd4 54. Bxd4 Kxd4 55. Kxg7 a2 56. Kxh6 a1=Q 57. Kg7 Ke5 58. h6 Qa7+ 59. Kg6
b5 60. h7 Qxh7+ 0-1

[Event "VII Open Settembre Vomero"]
[Site "Napoli ITA"]
[Date "2010.10.22"]
[Round "7"]
[White "Solombrino, Giovanni"]
[Black "Iannotta, Francesco"]
[WhiteElo "1848"]
[BlackElo "1687"]
[Result "1-0"]
[PlyCount "113"]
[EventDate "2010.09.10"]

1. e4 e5 2. Nf3 Nc6 3. d4 exd4 4. Nxd4 Nf6 5. Nc3 Bb4 6. Nxc6 bxc6 7. Bd3 d5 8.
exd5 cxd5 9. O-O O-O 10. Ne2 Bg4 11. c3 Bc5 12. Bg5 c6 13. Qc2 h6 14. Bh4 Re8
15. Rae1 Be7 16. h3 Bd7 17. Nd4 Qc7 18. Bf5 Bxf5 19. Nxf5 Ne4 20. Nxe7+ Rxe7
21. Bxe7 Qxe7 22. Re2 Qc5 23. Rfe1 Re8 24. a4 a5 25. b4 Qa7 26. b5 cxb5 27.
axb5 a4 28. Qd3 Qc5 29. c4 dxc4 30. Qe3 Qxb5 31. Qd4 Nf6 32. Rxe8+ Nxe8 33. Qe5
Qxe5 34. Rxe5 Nd6 35. Ra5 Kf8 36. Rxa4 Ke7 37. Kf1 Ke6 38. Ra5 Ne4 39. Ke2 Kd6
40. f3 Nc5 41. Kd1 f6 42. Kc2 Nb3 43. Ra7 Nd4+ 44. Kd2 Ne6 45. Kc3 Kc5 46. Re7
Kd5 47. g3 g6 48. Rd7+ Kc5 49. Rf7 Ng5 50. Rxf6 Kd5 51. Rxg6 Nxf3 52. Rxh6 Ne5
53. Rh5 Ke4 54. Rxe5+ Kxe5 55. Kxc4 Ke4 56. g4 Kf4 57. Kd5 1-0

[Event "Open ASR"]
[Site "Roma ITA"]
[Date "2010.09.16"]
[Round "1"]
[White "Castellano, Lorenzo"]
[Black "Fargnoli, Maurizio"]
[Result "1-0"]
[WhiteElo "1881"]
[BlackElo "1678"]
[PlyCount "83"]
[EventDate "2010.09.16"]

1. e4 c5 2. Nc3 e6 3. f4 a6 4. Nf3 Nc6 5. g3 d5 6. exd5 exd5 7. Bg2 Nf6 8. O-O
Be7 9. Ne5 O-O 10. Nxc6 bxc6 11. b3 Bf5 12. d3 Qd7 13. Re1 Rfe8 14. Ba3 Bd6 15.
Qd2 Re6 16. Na4 Qa7 17. Kh1 Rae8 18. Rxe6 Rxe6 19. Re1 Qe7 20. Rxe6 Bxe6 21.
Qa5 h5 22. Bxc5 Ng4 23. Bxd6 Qxd6 24. Qc5 Qxc5 25. Nxc5 Bc8 26. c4 Ne3 27. Bf3
g6 28. Kg1 Kf8 29. Kf2 Ng4+ 30. Bxg4 hxg4 31. Ke3 Ke7 32. Kd4 Kd6 33. Na4 f6
34. cxd5 cxd5 35. Nc3 Be6 36. b4 Kc6 37. a4 Bf5 38. b5+ axb5 39. axb5+ Kb6 40.
Nxd5+ Kxb5 41. Nxf6 Kc6 42. Ke5 1-0

[Event "Open ASR"]
[Site "Roma ITA"]
[Date "2010.09.16"]
[Round "1"]
[White "Condemi De Felice, Alfonso"]
[Black "Spada, Angelo"]
[Result "1-0"]
[WhiteElo "1907"]
[BlackElo "2046"]
[PlyCount "49"]
[EventDate "2010.09.16"]

1. d4 e6 2. Nf3 f5 3. c3 Nf6 4. Bg5 Be7 5. Bxf6 Bxf6 6. Nbd2 O-O 7. e4 d6 8.
Bd3 fxe4 9. Nxe4 Nc6 10. Qc2 Qe7 11. Nxf6+ gxf6 12. O-O-O Rb8 13. Qe2 a6 14. h4
b5 15. g4 b4 16. c4 Kh8 17. g5 Bd7 18. Qe3 Be8 19. h5 d5 20. g6 b3 21. a3 dxc4
22. Bxc4 e5 23. Rdg1 exd4 24. Qxe7 Nxe7 25. g7# 1-0

[Event "Open ASR"]
[Site "Roma ITA"]
[Date "2010.09.16"]
[Round "1"]
[White "Dorascenzi, Angelo"]
[Black "Pastore, Cosmas"]
[Result "0-1"]
[WhiteElo "1407"]
[BlackElo "1810"]
[PlyCount "72"]
[EventDate "2010.09.16"]

1. e4 d5 2. exd5 Qxd5 3. d4 e5 4. Be3 exd4 5. Qxd4 Qxd4 6. Bxd4 Nc6 7. Nf3 Nxd4
8. Nxd4 Bc5 9. c3 Nf6 10. Bd3 Bd7 11. O-O O-O 12. Nd2 Rfe8 13. N2b3 Bb6 14. h3
Nd5 15. Rfe1 a6 16. Bc4 c6 17. Bxd5 cxd5 18. Rad1 a5 19. Nf3 Bc6 20. Nbd4 a4
21. a3 h6 22. Ne5 Rac8 23. Rb1 Bc5 24. b4 axb3 25. Rxb3 f6 26. Nef3 Rxe1+ 27.
Nxe1 Re8 28. Kf1 Kf7 29. Nd3 Bf8 30. Nxc6 bxc6 31. Nb4 Rb8 32. a4 c5 33. Rb1
cxb4 34. cxb4 Rxb4 35. Rxb4 Bxb4 36. Ke2 Ke6 0-1

[Event "Open ASR"]
[Site "Roma ITA"]
[Date "2010.09.16"]
[Round "1"]
[White "Macri', Giuseppe"]
[Black "Dietrich, Stefano"]
[Result "0-1"]
[WhiteElo "1254"]
[BlackElo "1763"]
[PlyCount "72"]
[EventDate "2010.09.16"]

1. e4 c5 2. Nf3 Nc6 3. d4 cxd4 4. Nxd4 e5 5. Nxc6 bxc6 6. Nc3 Nf6 7. Bg5 Be7 8.
Bd3 Bb7 9. Qf3 h6 10. Be3 O-O 11. Qg3 Kh8 12. Na4 Qa5+ 13. Nc3 d6 14. a3 Qc7
15. Bd2 Rad8 16. Qe3 d5 17. exd5 Nxd5 18. Nxd5 cxd5 19. Qxa7 Ra8 20. Qe3 e4 21.
Be2 Qxc2 22. Bc3 Bg5 23. Qd4 Bf6 24. Qd1 Bxc3+ 25. bxc3 Qxc3+ 26. Kf1 Rxa3 27.
Rxa3 Qxa3 28. g3 Rc8 29. Kg2 f5 30. Qb1 Ba8 31. h4 d4 32. Rd1 d3 33. Bh5 e3+
34. Bf3 e2 35. Rxd3 Qxd3 36. Qd1 Qxf3+ 0-1

[Event "Open ASR"]
[Site "Roma ITA"]
[Date "2010.09.16"]
[Round "1"]
[White "Maurizio, Antonio"]
[Black "Pardo, Paolo"]
[Result "1-0"]
[WhiteElo "1886"]
[BlackElo "1736"]
[PlyCount "101"]
[EventDate "2010.09.16"]

1. c4 Nf6 2. Nc3 c5 3. Nf3 b6 4. g3 Bb7 5. Bg2 g6 6. O-O Bg7 7. d4 cxd4 8. Nb5
O-O 9. Nbxd4 d6 10. b3 Nbd7 11. Bb2 Rc8 12. Rc1 a6 13. b4 Rc7 14. Qb3 Qb8 15.
Rfd1 Rfc8 16. e3 b5 17. Nd2 Bxg2 18. Kxg2 Ne5 19. cxb5 Rxc1 20. Rxc1 Rxc1 21.
Bxc1 Qb7+ 22. Kg1 axb5 23. f4 Nc6 24. Nxc6 Qxc6 25. Bb2 Qd5 26. Qxd5 Nxd5 27.
Bxg7 Kxg7 28. Kf2 Nxb4 29. a3 Nc2 30. Nb1 b4 31. a4 b3 32. Ke2 Nb4 33. Kd2 Kf6
34. Kc3 Nd5+ 35. Kxb3 Nxe3 36. a5 Nd5 37. a6 e5 38. fxe5+ dxe5 39. a7 Nc7 40.
Nc3 Kf5 41. Kc4 Kg4 42. Kc5 f5 43. Kc6 Na8 44. Kb7 f4 45. gxf4 exf4 46. Kxa8 f3
47. Nd1 h5 48. Kb8 Kh3 49. a8=Q Kg2 50. Qa2+ Kh3 51. Qf2 1-0

[Event "Open ASR"]
[Site "Roma ITA"]
[Date "2010.09.16"]
[Round "1"]
[White "Napoli, Nicolo'"]
[Black "Di Mauro, Giuseppe"]
[Result "1-0"]
[WhiteElo "2308"]
[BlackElo "1946"]
[PlyCount "80"]
[EventDate "2010.09.16"]

1. d4 Nf6 2. Bg5 d5 3. Nc3 e6 4. e4 dxe4 5. Nxe4 Be7 6. Bxf6 Bxf6 7. Nf3 Bd7 8.
Bd3 Bc6 9. c3 Bxe4 10. Bxe4 c6 11. Qe2 Nd7 12. h4 Qc7 13. g3 O-O-O 14. Ng5 Bxg5
15. hxg5 g6 16. O-O-O Qa5 17. f4 Qxa2 18. Rh2 Nb6 19. Rdh1 Nd5 20. Bb1 Qb3 21.
Qc2 Qxc2+ 22. Bxc2 Rd7 23. Rxh7 Rxh7 24. Rxh7 b5 25. Be4 Kc7 26. Kd2 a5 27. b3
a4 28. bxa4 bxa4 29. Bc2 Nb6 30. Kc1 Kd6 31. Kb2 Nc4+ 32. Ka2 Ke7 33. Bxg6 Ke8
34. Bd3 Nb6 35. Ka3 Nd5 36. Be4 Re7 37. Bxd5 cxd5 38. g6 Rc7 39. g7 Rxc3+ 40.
Kxa4 Rxg3 1-0

[Event "Open ASR"]
[Site "Roma ITA"]
[Date "2010.09.16"]
[Round "1"]
[White "Nazzarri, Errico"]
[Black "Sermoneta, Eugenio"]
[Result "0-1"]
[WhiteElo "1383"]
[BlackElo "1781"]
[PlyCount "84"]
[EventDate "2010.09.16"]

1. e4 Nf6 2. Nc3 e5 3. Bc4 Bc5 4. d3 h6 5. Nf3 Nc6 6. O-O O-O 7. Be3 d6 8. d4
exd4 9. Bxd4 Nxd4 10. Nxd4 a6 11. Kh1 b5 12. Bd5 Nxd5 13. exd5 Qh4 14. Nce2 Re8
15. c3 Bb7 16. b4 Bb6 17. f3 Re5 18. Nc6 Rh5 19. h3 Qc4 20. Qd2 Bxc6 21. dxc6
Re5 22. Nd4 Rd5 23. Rad1 Bxd4 24. cxd4 Qxc6 25. Qe3 Re8 26. Rc1 Rxe3 27. Rxc6
Rxd4 28. Rb1 Rd2 29. Rxa6 Ree2 30. Rg1 Rxa2 31. Ra5 Rxa5 32. bxa5 Ra2 33. Rc1
c5 34. Rd1 Rxa5 35. Rxd6 Ra1+ 36. Kh2 c4 37. Rb6 Rb1 38. Rb8+ Kh7 39. Rc8 Rb3
40. Rd8 c3 41. Rd3 b4 42. Kg3 Rb1 0-1

[Event "Open ASR"]
[Site "Roma ITA"]
[Date "2010.09.17"]
[Round "1"]
[White "Passeri, Marco"]
[Black "Covello, Danilo"]
[Result "1/2-1/2"]
[WhiteElo "1434"]
[BlackElo "1410"]
[PlyCount "111"]
[EventDate "2010.09.16"]

1. d4 Nf6 2. Nf3 e6 3. e3 c5 4. Bd3 Nc6 5. O-O b6 6. b3 Bb7 7. Bb2 Rc8 8. a3
cxd4 9. exd4 Be7 10. Nbd2 O-O 11. Rc1 d5 12. Ne5 Nxe5 13. dxe5 Nd7 14. Qh5 g6
15. Qh3 Nc5 16. Be2 Bg5 17. f4 Be7 18. b4 Ne4 19. Nxe4 dxe4 20. Rfd1 Qe8 21. c4
Qc6 22. Bd4 Rfd8 23. c5 bxc5 24. Bxc5 Rxd1+ 25. Bxd1 Qd7 26. Qe3 Bxc5 27. bxc5
Rd8 28. Bb3 Qd3 29. Rc3 Qxc3 30. Qxc3 Rd3 31. Qxd3 exd3 32. Kf2 Kf8 33. g3 Ke7
34. Bc4 d2 35. Ke2 d1=Q+ 36. Kxd1 Kd7 37. Bb5+ Bc6 38. a4 a6 39. Bxc6+ Kxc6 40.
Kc2 Kxc5 41. Kc3 a5 42. h3 h6 43. g4 Kd5 44. Kd3 g5 45. Ke3 Kc4 46. f5 Kb4 47.
Kd4 Kxa4 48. Kc5 Kb3 49. Kd6 a4 50. Ke7 a3 51. Kxf7 a2 52. Kxe6 a1=Q 53. Kf6
Qa6+ 54. e6 Kc4 55. Kf7 Kd5 56. e7 1/2-1/2

[Event "Open ASR"]
[Site "Roma ITA"]
[Date "2010.09.16"]
[Round "1"]
[White "Prudenzano, Ruggero"]
[Black "Quimi, Marco"]
[Result "1/2-1/2"]
[WhiteElo "1929"]
[BlackElo "2195"]
[PlyCount "120"]
[EventDate "2010.09.16"]

1. d4 Nf6 2. c4 c5 3. d5 b5 4. Nf3 g6 5. g3 Bg7 6. Bg2 d6 7. O-O bxc4 8. Nc3
O-O 9. Qc2 Nbd7 10. h3 Nb6 11. e4 Bb7 12. Re1 Re8 13. a4 a5 14. Be3 e6 15. dxe6
Rxe6 16. Ng5 Re8 17. Rad1 h6 18. e5 Bxg2 19. exf6 Qxf6 20. Kxg2 hxg5 21. Qd2
Qf5 22. Qxd6 Bxc3 23. bxc3 Nxa4 24. Qd2 g4 25. hxg4 Qxg4 26. Bf4 Qf5 27. Ra1
Rxe1 28. Qxe1 Nb2 29. Qe7 Nd3 30. Be3 Qd5+ 31. f3 Qe6 32. Qxe6 fxe6 33. Ra4 e5
34. Kf1 Kf7 35. Ke2 Ke6 36. Rxc4 Nb2 37. Rxc5 a4 38. Bc1 Kd6 39. Rb5 Nc4 40.
Kd3 Na5 41. Ba3+ Ke6 42. Rb6+ Kf7 43. c4 Rd8+ 44. Kc3 Nb3 45. Rb7+ Ke6 46. Re7+
Kf6 47. Ra7 Rc8 48. Rxa4 Nd4 49. Ra6+ Kf5 50. g4+ Kf4 51. Rxg6 Kxf3 52. Bd6
Nb5+ 53. Kb4 Nxd6 54. Rxd6 Kxg4 55. c5 e4 56. Re6 Kf3 57. c6 e3 58. Kc5 e2 59.
Kd6 Rd8+ 60. Ke7 Rc8 1/2-1/2

[Event "Open ASR"]
[Site "Roma ITA"]
[Date "2010.09.16"]
[Round "1"]
[White "Rampini, Carlo"]
[Black "Di Carlo, Adriano"]
[Result "1-0"]
[WhiteElo "1791"]
[BlackElo "1389"]
[PlyCount "68"]
[EventDate "2010.09.16"]

1. e4 c6 2. d3 e5 3. g3 Nf6 4. Bg2 d6 5. Nf3 Be6 6. O-O Be7 7. Nbd2 h6 8. c3
Qd7 9. d4 exd4 10. Nxd4 Bh3 11. Re1 Bxg2 12. Kxg2 h5 13. Nf5 Rg8 14. Nc4 Kd8
15. Nxe7 Kxe7 16. Bg5 Kd8 17. e5 dxe5 18. Nxe5 Qxd1 19. Raxd1+ Kc7 20. Nxf7
Nbd7 21. Bf4+ Kb6 22. b4 Nd5 23. Bd2 Rae8 24. c4 N5f6 25. Be3+ Kc7 26. Bf4+ Kb6
27. a4 a6 28. Nd6 Rd8 29. Re7 g5 30. Be3+ Kc7 31. Nf7 Rg7 32. Bxg5 Rxf7 33.
Rxf7 Kc8 34. Bxf6 Ne5 1-0

[Event "Open ASR"]
[Site "Roma ITA"]
[Date "2010.09.16"]
[Round "1"]
[White "Russo, Roberto"]
[Black "Scotto D'Abusco, Dario"]
[Result "1-0"]
[WhiteElo "1863"]
[BlackElo "1500"]
[PlyCount "39"]
[EventDate "2010.09.16"]

1. e4 g6 2. d4 Bg7 3. Nc3 e6 4. f4 Ne7 5. Nf3 O-O 6. Be3 d6 7. Bd3 Nd7 8. O-O
c5 9. d5 Bxc3 10. dxe6 fxe6 11. bxc3 Nb6 12. c4 Qc7 13. Qe2 Bd7 14. Bd2 Bc6 15.
Ng5 Qd7 16. Qg4 e5 17. Qh4 Nec8 18. fxe5 dxe5 19. Rxf8+ Kxf8 20. Nxh7+ 1-0

[Event "Open ASR"]
[Site "Roma ITA"]
[Date "2010.09.16"]
[Round "1"]
[White "Urzi', Silvio"]
[Black "Cannavo', Giuseppe"]
[Result "1-0"]
[WhiteElo "1781"]
[BlackElo "1365"]
[PlyCount "83"]
[EventDate "2010.09.16"]

1. c4 d6 2. d4 Na6 3. e4 g6 4. Nc3 Bd7 5. Nge2 Bg7 6. Ng3 Nf6 7. Be2 O-O 8. O-O
Qc8 9. h3 Re8 10. f4 Rf8 11. e5 Ne8 12. Nd5 Qd8 13. Bg4 c6 14. Ne3 Nec7 15. f5
dxe5 16. d5 Ne8 17. fxg6 hxg6 18. Qf3 Nd6 19. Bxd7 Qxd7 20. Ne4 Nxe4 21. Qxe4
f6 22. Qxg6 Qe8 23. Qg4 Rf7 24. Nf5 Kh7 25. Qh5+ Kg8 26. Rf3 e6 27. Nd6 Qe7 28.
Nxf7 Qxf7 29. Qxf7+ Kxf7 30. dxe6+ Kxe6 31. Rg3 Rg8 32. Bh6 Kf7 33. Bxg7 Rxg7
34. Rxg7+ Kxg7 35. Rd1 Kf7 36. Rd7+ Ke6 37. Rxb7 f5 38. Rxa7 Nb8 39. h4 e4 40.
h5 f4 41. h6 e3 42. h7 1-0

[Event "Open ASR"]
[Site "Roma ITA"]
[Date "2010.09.16"]
[Round "1"]
[White "Verrascina, Nicola"]
[Black "Vuelban, Virgilio"]
[Result "0-1"]
[WhiteElo "2014"]
[BlackElo "2370"]
[PlyCount "58"]
[EventDate "2010.09.16"]

1. e4 c5 2. Nf3 Nc6 3. Bb5 d6 4. O-O Bd7 5. Re1 Nf6 6. c3 a6 7. Bf1 Bg4 8. d3
e6 9. Nbd2 Be7 10. Qc2 Rc8 11. h3 Bh5 12. Nh2 e5 13. Ndf3 Nd7 14. Be3 O-O 15.
Qb3 b5 16. a4 b4 17. d4 bxc3 18. bxc3 c4 19. Qc2 Na5 20. Rab1 Bg6 21. Red1 d5
22. Nd2 exd4 23. cxd4 c3 24. Nb3 Nc4 25. Qxc3 Na3 26. Qa5 Nxb1 27. Rxb1 Bxe4
28. Re1 Qxa5 29. Nxa5 Bb4 0-1

[Event "Open ASR"]
[Site "Roma ITA"]
[Date "2010.09.16"]
[Round "1"]
[White "Wollenweber, Carsten"]
[Black "Elia, Alessio"]
[Result "1/2-1/2"]
[WhiteElo "2131"]
[BlackElo "1920"]
[PlyCount "73"]
[EventDate "2010.09.16"]

1. e4 d6 2. d4 Nf6 3. Nc3 g6 4. f4 Bg7 5. Nf3 c5 6. dxc5 Qa5 7. Bd3 Qxc5 8. Qe2
O-O 9. a3 Bg4 10. Be3 Qa5 11. h3 Bxf3 12. Qxf3 Nc6 13. O-O Nd7 14. Qf2 Nc5 15.
b4 Nxd3 16. cxd3 Qd8 17. Rac1 a6 18. d4 e6 19. f5 Qf6 20. Rcd1 Rac8 21. Qd2 Qd8
22. Ne2 exf5 23. exf5 f6 24. Nf4 Qe8 25. Ne6 Rf7 26. Bf4 Qd7 27. Rc1 gxf5 28.
Rf3 Qxe6 29. d5 Qd7 30. dxc6 Rxc6 31. Rxc6 Qxc6 32. Rc3 Qd7 33. Rd3 Bf8 34.
Bxd6 Bxd6 35. Rxd6 Qe7 36. Rd3 Qc7 37. Rc3 1/2-1/2